Zu einigen frühosmanischen Urkunden II.

Elmentve itt :
Bibliográfiai részletek
Szerző: Wittek Paul
Dokumentumtípus: Cikk
Megjelent: [Verband der Wissenschaftlichen Gesellschaften Österreichs] Wien 1957
Sorozat:Zu einigen frühosmanischen Urkunden
Kulcsszavak:Török nyelvemlék
Tárgyszavak:
Online Access:http://misc.bibl.u-szeged.hu/65248
LEADER 00809nab a2200241 i 4500
001 misc65248
005 20231019121530.0
008 230928s1957 hu o 0|| ger d
040 |a SZTE Miscellanea Repozitórium  |b hun 
041 |a ger 
041 |a tur 
100 1 |a Wittek Paul 
245 1 0 |a Zu einigen frühosmanischen Urkunden II.  |h [elektronikus dokumentum] /  |c  Wittek Paul 
260 |a [Verband der Wissenschaftlichen Gesellschaften Österreichs]  |b Wien  |c 1957 
300 |a 240-256 
300 |a [16] p. 
490 0 |a Zu einigen frühosmanischen Urkunden 
561 |a Németh Gyula hagyaték 
591 |a NOA 6449 
650 4 |a Bölcsészettudományok 
650 4 |a Nyelvek és irodalom 
695 |a Török nyelvemlék 
856 4 0 |u http://misc.bibl.u-szeged.hu/65248/1/6449_noa.pdf  |z Dokumentum-elérés